000
00166nam a22000857a 4500
020
_a
0-431-11289-4
082
_a
001
_b
OXL/I
245
_a
TELEVISION
_b
IN TOUCH
942
_c
BK
999
_c
6361
_d
6361